000 00639nam a2200205Ii 4500
003 JO-AjNU
008 230605s9999||||xx |||||||||||||| ||und||
040 _aJO-AjNU
_bara
_erda
_cJO-AjNU
041 _aara
050 1 4 _aPJ7541.N3722 1998
100 3 _aناصيف، إميل,
_eauthor
_912036
245 0 0 _aأروع ما قيل في مجالس الشعراء
250 _aط1
264 3 1 _aبيروت: دار الجيل، 1998
300 _a152ص
336 _atext
_btxt
_2rdacontent
337 _aunmediated
_bn
_2rdamedia
338 _avolume
_bnc
_2rdacarrier
650 4 _aالشعر العربي - مجالس الشعراء
_912037
999 _aA2633
_c6201
_d6201